[Event "Montreal Mercredi 05"]
[Site "Montreal CAN"]
[Date "2017.05.17"]
[Round "2"]
[White "Gelet, Seymour"]
[Black "Johnson-Constantin, Mathieu"]
[Result "1/2-1/2"]
[WhiteElo "2110"]
[BlackElo "2048"]
[WhiteFideId "-1"]
[WhiteFideId "-1"]
[PlyCount "63"]
[GameId "2160767908411501"]
[EventDate "2017.05.10"]
[EventType "swiss"]
[EventRounds "5"]
[EventCountry "CAN"]
[SourceTitle "EXT 2022"]
[Source "ChessBase"]
[SourceDate "2021.10.06"]
[SourceVersion "1"]
[SourceVersionDate "2021.10.06"]
[SourceQuality "1"]

1. d4 f5 2. c4 Nf6 3. Nc3 d6 4. g3 g6 5. Bg2 Bg7 6. Nf3 O-O 7. Bg5 Qe8 8. O-O e5 9. dxe5 dxe5 10. Qb3 Nc6 11. Nd5 Qf7 12. Bxf6 Bxf6 13. Rad1 e4 14. Nxf6+ Qxf6 15. c5+ Be6 16. Qxb7 exf3 17. Bxf3 Nd4 18. Qxc7 Nxf3+ 19. exf3 Rfc8 20. Qd6 Rd8 21. Qa6 Qf7 22. b3 Bd5 23. Rd3 Bb7 24. Qb5 a6 25. Rxd8+ Rxd8 26. Qb6 Qd5 27. Re1 Rc8 28. b4 Bc6 29. Re3 g5 30. Qxa6 Ra8 31. Qf1 Qxa2 32. b5 1/2-1/2

[Event "Montreal Mercredi 05"]
[Site "Montreal CAN"]
[Date "2017.05.17"]
[Round "2"]
[White "Guipi Bopala, Prince Eric jr"]
[Black "Millette, Sylvain"]
[Result "1/2-1/2"]
[WhiteElo "1822"]
[BlackElo "1741"]
[WhiteFideId "-1"]
[WhiteFideId "-1"]
[PlyCount "52"]
[GameId "2160767908411502"]
[EventDate "2017.05.10"]
[EventType "swiss"]
[EventRounds "5"]
[EventCountry "CAN"]
[SourceTitle "EXT 2022"]
[Source "ChessBase"]
[SourceDate "2021.10.06"]
[SourceVersion "1"]
[SourceVersionDate "2021.10.06"]
[SourceQuality "1"]

1. d4 Nf6 2. Nf3 g6 3. Bf4 d5 4. e3 Bg7 5. Be2 c6 6. O-O O-O 7. c4 Nbd7 8. Nc3 dxc4 9. Bxc4 Nb6 10. Bb3 Bg4 11. h3 Bxf3 12. Qxf3 Nbd5 13. Nxd5 Nxd5 14. Bh2 e6 15. Rfd1 f5 16. Rac1 Qe7 17. Re1 Kh8 18. Rcd1 Rad8 19. e4 fxe4 20. Qxe4 Qf6 21. Bg3 Rde8 22. h4 Qf5 23. Qe2 Nf4 24. Qe3 Nd5 25. Qe2 Nf4 26. Qc4 Nd5 1/2-1/2

[Event "Montreal Mercredi 05"]
[Site "Montreal CAN"]
[Date "2017.05.17"]
[Round "2"]
[White "Jacquet, Stephane"]
[Black "Huang, Qiuyu"]
[Result "1-0"]
[WhiteElo "2032"]
[BlackElo "2168"]
[WhiteFideId "-1"]
[WhiteFideId "-1"]
[PlyCount "47"]
[GameId "2160767908411503"]
[EventDate "2017.05.10"]
[EventType "swiss"]
[EventRounds "5"]
[EventCountry "CAN"]
[SourceTitle "EXT 2022"]
[Source "ChessBase"]
[SourceDate "2021.10.06"]
[SourceVersion "1"]
[SourceVersionDate "2021.10.06"]
[SourceQuality "1"]

1. d4 d5 2. c4 e6 3. Nc3 Nf6 4. cxd5 exd5 5. Bg5 c6 6. Qc2 Be7 7. e3 Nbd7 8. Bd3 h6 9. Bh4 Nh5 10. Bg3 Nxg3 11. hxg3 Nb6 12. Nf3 Be6 13. Ne5 Nc4 14. Bxc4 dxc4 15. O-O-O Qc7 16. f4 O-O 17. g4 f6 18. Rxh6 Rfd8 19. Qg6 Bd6 20. Rdh1 Kf8 21. Rh8+ Bg8 22. Rxg8+ Kxg8 23. Qh7+ Kf8 24. Qh8+ 1-0

[Event "Montreal Mercredi 05"]
[Site "Montreal CAN"]
[Date "2017.05.17"]
[Round "2"]
[White "Lopez Linares, Lizandro"]
[Black "Ouellet, Maili-Jade"]
[Result "1-0"]
[WhiteElo "2214"]
[BlackElo "2280"]
[WhiteFideId "-1"]
[WhiteFideId "-1"]
[PlyCount "125"]
[GameId "2160767908411504"]
[EventDate "2017.05.10"]
[EventType "swiss"]
[EventRounds "5"]
[EventCountry "CAN"]
[SourceTitle "EXT 2022"]
[Source "ChessBase"]
[SourceDate "2021.10.06"]
[SourceVersion "1"]
[SourceVersionDate "2021.10.06"]
[SourceQuality "1"]

1. Nf3 d5 2. c4 e6 3. d4 Nf6 4. Nc3 Be7 5. Bf4 O-O 6. e3 Nbd7 7. Rc1 c5 8. cxd5 Nxd5 9. Bg3 b6 10. Bd3 Bb7 11. O-O Rc8 12. Qe2 Nb4 13. Bb1 Ba6 14. Nb5 Nf6 15. Rfd1 Qd7 16. a4 Rfd8 17. h3 Qe8 18. e4 cxd4 19. Rxc8 Rxc8 20. Nfxd4 Bc5 21. Nf3 Nc6 22. e5 Nh5 23. Qe4 g6 24. Bh4 Bxb5 25. axb5 Nb4 26. g4 Ng7 27. Qb7 Nd5 28. Be4 Rc7 29. Qa6 Nb4 30. Qa4 Rd7 31. Ra1 Rc7 32. Kg2 Qc8 33. Bg5 Ne8 34. h4 Rd7 35. Qb3 Qb8 36. Rh1 Nc7 37. h5 Qe8 38. hxg6 fxg6 39. Bf6 Ncd5 40. Ng5 Nf4+ 41. Kf3 Nbd5 42. Qc2 Rb7 43. Qc4 Rd7 44. Qf1 Bd4 45. Qc4 Bc5 46. Qc2 Rb7 47. Qb1 Rd7 48. Nxh7 Rxh7 49. Rxh7 Nxf6 50. exf6 Kxh7 51. Qh1+ Kg8 52. Kxf4 Qf7 53. g5 Bf8 54. Qb1 Kh7 55. Qd3 Qe8 56. Kg4 Qf7 57. Qd8 Bc5 58. f4 Bb4 59. Bc6 Bf8 60. Be8 Qg8 61. Qd7+ Kh8 62. Bf7 Qh7 63. Qe8 1-0

[Event "Montreal Mercredi 05"]
[Site "Montreal CAN"]
[Date "2017.05.17"]
[Round "2"]
[White "O'Connor, Michael"]
[Black "Barko, Maxim"]
[Result "1/2-1/2"]
[WhiteElo "1765"]
[BlackElo "1831"]
[WhiteFideId "-1"]
[WhiteFideId "-1"]
[PlyCount "43"]
[GameId "2160767908411505"]
[EventDate "2017.05.10"]
[EventType "swiss"]
[EventRounds "5"]
[EventCountry "CAN"]
[SourceTitle "EXT 2022"]
[Source "ChessBase"]
[SourceDate "2021.10.06"]
[SourceVersion "1"]
[SourceVersionDate "2021.10.06"]
[SourceQuality "1"]

1. Nf3 c5 2. c4 Nc6 3. Nc3 d6 4. g3 g6 5. Bg2 Bg7 6. O-O e5 7. e4 Nge7 8. d3 O-O 9. Ne1 f5 10. f4 Be6 11. Rb1 a6 12. Nf3 b5 13. Ng5 Bf7 14. exf5 gxf5 15. Nxf7 Rxf7 16. fxe5 dxe5 17. Be3 bxc4 18. dxc4 Qa5 19. Qa4 Rc8 20. Qxa5 Nxa5 21. b3 e4 22. Ne2 1/2-1/2

[Event "Montreal Mercredi 05"]
[Site "Montreal CAN"]
[Date "2017.05.19"]
[Round "2"]
[White "Boudreau, Daniel"]
[Black "Cloutier, Mathieu"]
[Result "0-1"]
[WhiteElo "2087"]
[BlackElo "2180"]
[WhiteFideId "-1"]
[WhiteFideId "-1"]
[PlyCount "112"]
[GameId "2160767908411507"]
[EventDate "2017.05.10"]
[EventType "swiss"]
[EventRounds "5"]
[EventCountry "CAN"]
[SourceTitle "EXT 2022"]
[Source "ChessBase"]
[SourceDate "2021.10.06"]
[SourceVersion "1"]
[SourceVersionDate "2021.10.06"]
[SourceQuality "1"]

1. e4 c5 2. Nf3 d6 3. Bb5+ Nc6 4. Bxc6+ bxc6 5. O-O e5 6. c3 f5 7. exf5 Be7 8. Re1 Bxf5 9. d4 cxd4 10. cxd4 e4 11. Nfd2 Nf6 12. Nc3 d5 13. f3 Qb6 14. Qa4 O-O 15. fxe4 Bb4 16. exf5 Qxd4+ 17. Kh1 Bxc3 18. Qxd4 Bxd4 19. Nb3 Rfe8 20. Rf1 Bb6 21. Bg5 Ne4 22. Bh4 Re5 23. Rad1 Rf8 24. g4 Nf6 25. Bxf6 Rxf6 26. Nc1 Rh6 27. Rd3 Re4 28. Rg3 Bc7 29. Rg2 Rh4 30. g5 Ref4 31. Rxf4 Rxf4 32. g6 Rxf5 33. gxh7+ Kxh7 34. Rc2 Rf6 35. Nb3 Bb6 36. Kg2 Be3 37. Re2 d4 38. Nc5 Rf5 39. Nd3 a5 40. b3 a4 41. b4 Kg6 42. Rc2 Rf6 43. Rc5 Kf7 44. Rxc6 Rxc6 45. Ne5+ Ke6 46. Nxc6 Kd5 47. Ne7+ Kc4 48. Kf3 Kxb4 49. Nd5+ Ka3 50. Nxe3 dxe3 51. Kxe3 Kxa2 52. Kf4 Kb2 53. Kg5 a3 54. Kg6 a2 55. Kxg7 a1=Q 56. h4 Qh1 0-1

[Event "Montreal Mercredi 05"]
[Site "Montreal CAN"]
[Date "2017.05.24"]
[Round "3"]
[White "Baran, Marius"]
[Black "Millette, Sylvain"]
[Result "1-0"]
[WhiteElo "1828"]
[BlackElo "1741"]
[WhiteFideId "-1"]
[WhiteFideId "-1"]
[PlyCount "92"]
[GameId "2160767908411509"]
[EventDate "2017.05.10"]
[EventType "swiss"]
[EventRounds "5"]
[EventCountry "CAN"]
[SourceTitle "EXT 2022"]
[Source "ChessBase"]
[SourceDate "2021.10.06"]
[SourceVersion "1"]
[SourceVersionDate "2021.10.06"]
[SourceQuality "1"]

1. e4 Nf6 2. e5 Nd5 3. d4 d6 4. Nf3 Bg4 5. Be2 e6 6. O-O Be7 7. c4 Nb6 8. Nc3 Nc6 9. Bf4 O-O 10. b3 a6 11. Re1 dxe5 12. Bxe5 f6 13. Bf4 Bb4 14. Rc1 Rb8 15. Be3 Ba3 16. Rb1 Bf5 17. Bd3 Bg4 18. h3 Bxf3 19. gxf3 f5 20. Ne2 Qh4 21. Bf4 Bb4 22. Bxc7 Bxe1 23. Qxe1 Qxh3 24. Bxb8 Nxb8 25. Nf4 Qxf3 26. Qxe6+ Kh8 27. Qe3 Qxe3 28. fxe3 Nc6 29. Rd1 g6 30. Kf2 Re8 31. Rh1 Kg7 32. Bb1 Nd7 33. Rg1 Kf7 34. Nd5 Nf6 35. Nxf6 Kxf6 36. a3 Re7 37. b4 Rc7 38. Bd3 Re7 39. b5 axb5 40. cxb5 Nb8 41. Rc1 g5 42. Rc8 Nd7 43. Rc7 b6 44. Kf3 h5 45. Rc6+ Re6 46. Bc4 Rxc6 1-0

[Event "Montreal Mercredi 05"]
[Site "Montreal CAN"]
[Date "2017.05.24"]
[Round "3"]
[White "Gauthier, Luc"]
[Black "O'Connor, Michael"]
[Result "0-1"]
[WhiteElo "1772"]
[BlackElo "1765"]
[WhiteFideId "-1"]
[WhiteFideId "-1"]
[PlyCount "74"]
[GameId "2160767908411510"]
[EventDate "2017.05.10"]
[EventType "swiss"]
[EventRounds "5"]
[EventCountry "CAN"]
[SourceTitle "EXT 2022"]
[Source "ChessBase"]
[SourceDate "2021.10.06"]
[SourceVersion "1"]
[SourceVersionDate "2021.10.06"]
[SourceQuality "1"]

1. e4 c5 2. Nc3 Nc6 3. f4 d6 4. Nf3 a6 5. d3 g6 6. g3 Bg7 7. Bg2 e6 8. O-O Nge7 9. Be3 O-O 10. Qd2 b5 11. Nd1 Bb7 12. c3 Qb6 13. b4 Nxb4 14. Nf2 Nbc6 15. f5 exf5 16. Bh6 Ne5 17. Nxe5 dxe5 18. Bxg7 Kxg7 19. Kh1 Rad8 20. Qe3 Rfe8 21. Nh3 f6 22. Rab1 Qd6 23. Rfd1 Bc6 24. Nf2 Rd7 25. a4 Red8 26. Kg1 h6 27. Bh3 Rc7 28. Qe2 Bd7 29. exf5 gxf5 30. Bg2 Nd5 31. Qe1 Ne7 32. Qe2 Be8 33. g4 f4 34. Ne4 Qb6 35. c4 b4 36. Qf2 Bxa4 37. Qh4 Bxd1 0-1

[Event "Montreal Mercredi 05"]
[Site "Montreal CAN"]
[Date "2017.05.24"]
[Round "3"]
[White "Gelet, Seymour"]
[Black "Cloutier, Mathieu"]
[Result "1-0"]
[WhiteElo "2110"]
[BlackElo "2180"]
[WhiteFideId "-1"]
[WhiteFideId "-1"]
[PlyCount "81"]
[GameId "2160767908411511"]
[EventDate "2017.05.10"]
[EventType "swiss"]
[EventRounds "5"]
[EventCountry "CAN"]
[SourceTitle "EXT 2022"]
[Source "ChessBase"]
[SourceDate "2021.10.06"]
[SourceVersion "1"]
[SourceVersionDate "2021.10.06"]
[SourceQuality "1"]

1. d4 Nf6 2. c4 c5 3. d5 e6 4. Nc3 exd5 5. cxd5 d6 6. g3 g6 7. Bg2 Bg7 8. f4 O-O 9. Nf3 b5 10. Nxb5 Qa5+ 11. Nc3 Ne4 12. O-O Nxc3 13. bxc3 Qxc3 14. Rb1 Qa5 15. Qc2 Ba6 16. Bd2 Qc7 17. Rfe1 Nd7 18. Bc3 Bxc3 19. Qxc3 Rab8 20. e4 Rxb1 21. Rxb1 Nb6 22. h4 Qe7 23. Re1 Bc8 24. h5 Bg4 25. hxg6 fxg6 26. e5 Qg7 27. Ng5 Re8 28. Ne4 Nxd5 29. Qc4 Be6 30. Nxd6 Nb6 31. Nxe8 Qe7 32. Qa6 Qxe8 33. Qxa7 Qd8 34. Rb1 Qd4+ 35. Kh2 Nd7 36. a4 Bf5 37. Rb7 Qd1 38. Qa8+ Kg7 39. Qd8 Qh5+ 40. Qh4 Qd1 41. e6 1-0

[Event "Montreal Mercredi 05"]
[Site "Montreal CAN"]
[Date "2017.05.24"]
[Round "3"]
[White "Huang, Qiuyu"]
[Black "Johnson-Constantin, Mathieu"]
[Result "1-0"]
[WhiteElo "2168"]
[BlackElo "2048"]
[WhiteFideId "-1"]
[WhiteFideId "-1"]
[PlyCount "53"]
[GameId "2160767908411513"]
[EventDate "2017.05.10"]
[EventType "swiss"]
[EventRounds "5"]
[EventCountry "CAN"]
[SourceTitle "EXT 2022"]
[Source "ChessBase"]
[SourceDate "2021.10.06"]
[SourceVersion "1"]
[SourceVersionDate "2021.10.06"]
[SourceQuality "1"]

1. e4 e6 2. d4 d5 3. Nc3 Bb4 4. exd5 exd5 5. Bd3 Nf6 6. Nge2 c6 7. Bg5 O-O 8. Qd2 Nbd7 9. O-O-O b5 10. h4 Nb6 11. Ng3 Nc4 12. Bxc4 bxc4 13. Nh5 Ne4 14. Qf4 Nxg5 15. hxg5 Be7 16. Qh2 Bf5 17. g4 Bg6 18. f4 Qd6 19. Rde1 f5 20. gxf6 Bxf6 21. Nxf6+ Rxf6 22. Re5 h5 23. f5 Bh7 24. g5 Rxf5 25. Re8+ Qf8 26. Rxf8+ Raxf8 27. Qxh5 1-0

[Event "Montreal Mercredi 05"]
[Site "Montreal CAN"]
[Date "2017.05.24"]
[Round "3"]
[White "Jacquet, Stephane"]
[Black "Boudreau, Daniel"]
[Result "1-0"]
[WhiteElo "2032"]
[BlackElo "2087"]
[WhiteFideId "-1"]
[WhiteFideId "-1"]
[PlyCount "82"]
[GameId "2160767739013403"]
[EventDate "2017.05.10"]
[EventType "swiss"]
[EventRounds "5"]
[EventCountry "CAN"]
[SourceTitle "EXT 2022"]
[Source "ChessBase"]
[SourceDate "2021.10.06"]
[SourceVersion "1"]
[SourceVersionDate "2021.10.06"]
[SourceQuality "1"]

1. d4 Nf6 2. c4 e6 3. Nf3 d5 4. cxd5 exd5 5. Nc3 c6 6. Bg5 Be7 7. Qc2 g6 8. e3 Bf5 9. Qd2 Ne4 10. Nxe4 dxe4 11. Bxe7 Qxe7 12. Ne5 f6 13. Nc4 b5 14. Na5 O-O 15. Rc1 Qd6 16. Be2 Be6 17. b4 Bd5 18. O-O Qe6 19. a3 Rf7 20. Rc3 a6 21. f4 Re7 22. f5 gxf5 23. Bd1 Rg7 24. Qf2 Rg5 25. h4 Rg6 26. Qxf5 Qxf5 27. Rxf5 Rh6 28. Rxd5 cxd5 29. Rc8+ Kf7 30. Bb3 Ke6 31. Nc6 Kd7 32. Rxb8 Rxb8 33. Nxb8+ Kd6 34. Nxa6 Rxh4 35. a4 bxa4 36. Bxa4 Rg4 37. b5 Rg7 38. Nc5 Rg8 39. b6 Rh8 40. b7 h6 41. Bd7 Rb8 {...} 1-0

[Event "Montreal Mercredi 05"]
[Site "Montreal CAN"]
[Date "2017.05.24"]
[Round "3"]
[White "Leveille, Francois"]
[Black "Tremblay, Alain"]
[Result "1-0"]
[WhiteElo "2305"]
[BlackElo "2198"]
[WhiteFideId "-1"]
[WhiteFideId "-1"]
[PlyCount "63"]
[GameId "2160767908411514"]
[EventDate "2017.05.10"]
[EventType "swiss"]
[EventRounds "5"]
[EventCountry "CAN"]
[SourceTitle "EXT 2022"]
[Source "ChessBase"]
[SourceDate "2021.10.06"]
[SourceVersion "1"]
[SourceVersionDate "2021.10.06"]
[SourceQuality "1"]

1. d4 Nf6 2. Nf3 e6 3. c4 Bb4+ 4. Nc3 O-O 5. Bg5 c5 6. Rc1 cxd4 7. Nxd4 d5 8. e3 dxc4 9. Bxc4 a6 10. O-O Bxc3 11. Rxc3 e5 12. Nf3 Qxd1 13. Rxd1 Ne4 14. Rcc1 Nc6 15. Bd5 Nxg5 16. Nxg5 h6 17. Ne4 Ne7 18. Bb3 Nc6 19. Nd6 Na5 20. Bd5 Be6 21. Bxe6 fxe6 22. Rc5 Nc6 23. Nxb7 Ne7 24. e4 Ng6 25. Rd7 Rf7 26. Rcc7 Rxd7 27. Rxd7 Kh7 28. g3 Rc8 29. Rd2 Rc1+ 30. Kg2 h5 31. Nd8 Nf8 32. Nf7 1-0

[Event "Montreal Mercredi 05"]
[Site "Montreal CAN"]
[Date "2017.05.24"]
[Round "3"]
[White "Zheng, Richard"]
[Black "Singher, Jean-Pierre"]
[Result "0-1"]
[WhiteElo "1923"]
[BlackElo "2001"]
[WhiteFideId "-1"]
[WhiteFideId "-1"]
[PlyCount "114"]
[GameId "2160767908411517"]
[EventDate "2017.05.10"]
[EventType "swiss"]
[EventRounds "5"]
[EventCountry "CAN"]
[SourceTitle "EXT 2022"]
[Source "ChessBase"]
[SourceDate "2021.10.06"]
[SourceVersion "1"]
[SourceVersionDate "2021.10.06"]
[SourceQuality "1"]

1. d4 Nf6 2. c4 e6 3. Nc3 d5 4. cxd5 exd5 5. Bg5 Nbd7 6. e3 Be7 7. Bd3 O-O 8. Nge2 a6 9. O-O Re8 10. Qc2 h6 11. Bh4 b5 12. Rad1 Bb7 13. Rfe1 Rc8 14. a3 Ne4 15. Bxe7 Qxe7 16. Nxe4 dxe4 17. Ng3 exd3 18. Qxd3 c5 19. e4 g6 20. f3 cxd4 21. Qxd4 Qc5 22. Qxc5 Nxc5 23. b4 Ne6 24. Rd7 Bc6 25. Ra7 Ra8 26. Rxa8 Rxa8 27. Rc1 Bb7 28. Kf2 Rc8 29. Ra1 Rc2+ 30. Ke3 Rxg2 31. Ne2 Kf8 32. a4 Rxh2 33. axb5 axb5 34. Ra7 Bc6 35. Ra6 Ke7 36. Nc3 Nd8 37. Kd4 Rd2+ 38. Kc5 Rc2 39. Kd4 Bb7 40. Rb6 Nc6+ 41. Kd3 Nxb4+ 42. Kd4 Rd2+ 43. Kc5 Na6+ 44. Kxb5 Rb2+ 45. Ka5 Rxb6 46. Kxb6 Bc8 47. Nd5+ Ke6 48. Nf4+ Ke5 49. Nd5 Be6 50. Kxa6 Bxd5 51. exd5 Kxd5 52. Kb6 h5 53. Kc7 h4 54. Kd7 h3 55. Ke7 h2 56. Kxf7 h1=Q 57. Kxg6 Qxf3 0-1

[Event "Montreal Mercredi 05"]
[Site "Montreal CAN"]
[Date "2017.05.24"]
[Round "3"]
[White "Zhong, Kevin"]
[Black "Beaulieu, Pierre"]
[Result "1-0"]
[WhiteElo "1905"]
[BlackElo "1902"]
[WhiteFideId "-1"]
[WhiteFideId "-1"]
[PlyCount "59"]
[GameId "2160767908411518"]
[EventDate "2017.05.10"]
[EventType "swiss"]
[EventRounds "5"]
[EventCountry "CAN"]
[SourceTitle "EXT 2022"]
[Source "ChessBase"]
[SourceDate "2021.10.06"]
[SourceVersion "1"]
[SourceVersionDate "2021.10.06"]
[SourceQuality "1"]

1. e4 g6 2. d4 Bg7 3. Nc3 d6 4. Bg5 c6 5. Qd2 Nd7 6. f4 Qa5 7. Nf3 h6 8. Bh4 a6 9. Be2 b5 10. O-O Qb6 11. Bf2 Qc7 12. e5 d5 13. e6 fxe6 14. Bd3 Nf8 15. Ne5 Bxe5 16. fxe5 Bd7 17. Be3 O-O-O 18. a4 Kb7 19. axb5 cxb5 20. Ra2 Qb6 21. Rfa1 Ra8 22. Ra5 Rb8 23. Na2 Nh7 24. Nb4 Ra8 25. Rxa6 Rxa6 26. Nxa6 Ng5 27. Nc5+ Kc7 28. Ra6 Qb8 29. Qa5+ Kc8 30. Ra8 1-0

[Event "Montreal Mercredi 05"]
[Site "Montreal CAN"]
[Date "2017.05.29"]
[Round "4"]
[White "Johnson-Constantin, Mathieu"]
[Black "Boudreau, Daniel"]
[Result "0-1"]
[WhiteElo "2048"]
[BlackElo "2087"]
[WhiteFideId "-1"]
[WhiteFideId "-1"]
[PlyCount "78"]
[GameId "2160767908411520"]
[EventDate "2017.05.10"]
[EventType "swiss"]
[EventRounds "5"]
[EventCountry "CAN"]
[SourceTitle "EXT 2022"]
[Source "ChessBase"]
[SourceDate "2021.10.06"]
[SourceVersion "1"]
[SourceVersionDate "2021.10.06"]
[SourceQuality "1"]

1. e4 c5 2. Nc3 a6 3. g3 Nc6 4. Bg2 g6 5. d3 Bg7 6. Be3 d6 7. Qd2 Nd4 8. Nd1 Rb8 9. c3 Nc6 10. d4 cxd4 11. cxd4 Nf6 12. h3 O-O 13. Ne2 e5 14. Ndc3 b5 15. d5 Ne7 16. O-O Ne8 17. b4 f5 18. f3 Bd7 19. f4 Nc8 20. fxe5 dxe5 21. Bc5 Ned6 22. exf5 gxf5 23. Rae1 Nc4 24. Qc2 N8d6 25. Nc1 Qg5 26. Kh2 Rbe8 27. h4 Qg6 28. Nd3 Kh8 29. Ne2 Rg8 30. Rf2 Bh6 31. Bxd6 Qxd6 32. Bh3 Be3 33. Rg2 Ref8 34. Nc5 Bxc5 35. bxc5 Qxc5 36. Qc3 Rg7 37. Nc1 Qxd5 38. Nd3 Re8 39. Rge2 Qf3 0-1

[Event "Montreal Mercredi 05"]
[Site "Montreal CAN"]
[Date "2017.05.31"]
[Round "4"]
[White "Baran, Marius"]
[Black "Guipi Bopala, Prince Eric jr"]
[Result "0-1"]
[WhiteElo "1828"]
[BlackElo "1822"]
[WhiteFideId "-1"]
[WhiteFideId "-1"]
[PlyCount "43"]
[GameId "2160767908411521"]
[EventDate "2017.05.10"]
[EventType "swiss"]
[EventRounds "5"]
[EventCountry "CAN"]
[SourceTitle "EXT 2022"]
[Source "ChessBase"]
[SourceDate "2021.10.06"]
[SourceVersion "1"]
[SourceVersionDate "2021.10.06"]
[SourceQuality "1"]

1. e4 d5 2. exd5 Qxd5 3. Nc3 Qa5 4. d4 Nf6 5. Bc4 Bg4 6. Nge2 Nc6 7. O-O O-O-O 8. Be3 Nxd4 9. Qc1 Nxe2+ 10. Nxe2 e6 11. f3 Bh5 12. Kh1 Bd6 13. Ng3 Bg6 14. Bf2 Nh5 15. Qe3 Nxg3+ 16. hxg3 b6 17. Rfe1 Bc5 18. Qe2 Rd2 19. Ba6+ Kb8 20. Qc4 Bxf2 21. Re5 Qxe5 22. g4 0-1

[Event "Montreal Mercredi 05"]
[Site "Montreal CAN"]
[Date "2017.05.31"]
[Round "4"]
[White "Cloutier, Mathieu"]
[Black "Jacquet, Stephane"]
[Result "1-0"]
[WhiteElo "2180"]
[BlackElo "2032"]
[WhiteFideId "-1"]
[WhiteFideId "-1"]
[PlyCount "201"]
[GameId "2160767908411523"]
[EventDate "2017.05.10"]
[EventType "swiss"]
[EventRounds "5"]
[EventCountry "CAN"]
[SourceTitle "EXT 2022"]
[Source "ChessBase"]
[SourceDate "2021.10.06"]
[SourceVersion "1"]
[SourceVersionDate "2021.10.06"]
[SourceQuality "1"]

1. e4 d6 2. d4 Nf6 3. Nc3 g6 4. f4 Bg7 5. Nf3 O-O 6. Bd3 Nc6 7. Be3 e5 8. fxe5 dxe5 9. d5 Ne7 10. Bc5 b6 11. Ba3 Bg4 12. h3 Bxf3 13. Qxf3 Nh5 14. O-O-O Nf4 15. Bc4 Nc8 16. Bxf8 Qxf8 17. g3 Nd6 18. Bb3 Nh5 19. Ne2 a5 20. a3 b5 21. Kb1 Bh6 22. g4 Nf4 23. Nxf4 Bxf4 24. h4 h6 25. Qd3 Qb8 26. c4 bxc4 27. Bxc4 a4 28. Rhg1 Qb6 29. Rg2 Rb8 30. Re1 Qa5 31. Ree2 Qc5 32. Rc2 Qa5 33. Rge2 Qc5 34. Re1 Qa5 35. Rf1 Kg7 36. Qe2 Qc5 37. Rc3 Qd4 38. Qd3 Nxe4 39. Qxd4 exd4 40. Rxf4 Nd2+ 41. Kc2 dxc3 42. Kxc3 g5 43. hxg5 hxg5 44. Rd4 Nxc4 45. Rxc4 Rb3+ 46. Kd4 Rxb2 47. Rxc7 Rg2 48. d6 Rxg4+ 49. Kd5 Rg3 50. Rc4 Rd3+ 51. Kc6 f5 52. Rc5 Kf6 53. Rd5 Rc3+ 54. Kb7 Rb3+ 55. Ka7 Ke6 56. d7 Kxd5 57. d8=Q+ Kc4 58. Qa5 Rxa3 59. Qxf5 Rb3 60. Qe4+ Kb5 61. Qd5+ Kb4 62. Ka6 Rc3 63. Qd4+ Rc4 64. Qb2+ Kc5 65. Ka5 Kd5 66. Kb5 Rd4 67. Qa2+ Ke5 68. Kc5 Re4 69. Qd5+ Kf4 70. Qd2+ Kf3 71. Kd5 Rf4 72. Ke5 Rg4 73. Kf5 Rh4 74. Qd3+ Kg2 75. Kxg5 Rh3 76. Qe4+ Kf2 77. Qxa4 Rg3+ 78. Kh4 Re3 79. Qd4 Ke2 80. Kg4 Rd3 81. Qe4+ Kd2 82. Kf4 Kc3 83. Qe5+ Kc2 84. Ke4 Rd2 85. Qc5+ Kb3 86. Qc1 Rc2 87. Qd1 Kc3 88. Qa1+ Rb2 89. Ke3 Kc2 90. Kd4 Rb4+ 91. Kc5 Rb1 92. Qa4+ Kd3 93. Qc4+ Kd2 94. Qa2+ Kc1 95. Kc4 Rb2 96. Qa3 Kb1 97. Qa4 Rc2+ 98. Kb3 Kc1 99. Qa1+ Kd2 100. Qd4+ Kc1 101. Qg1+ 1-0

[Event "Montreal Mercredi 05"]
[Site "Montreal CAN"]
[Date "2017.05.31"]
[Round "4"]
[White "Gates, Claude-Eric"]
[Black "Beaulieu, Pierre"]
[Result "1-0"]
[WhiteElo "1857"]
[BlackElo "1902"]
[WhiteFideId "-1"]
[WhiteFideId "-1"]
[PlyCount "79"]
[GameId "2160767908411524"]
[EventDate "2017.05.10"]
[EventType "swiss"]
[EventRounds "5"]
[EventCountry "CAN"]
[SourceTitle "EXT 2022"]
[Source "ChessBase"]
[SourceDate "2021.10.06"]
[SourceVersion "1"]
[SourceVersionDate "2021.10.06"]
[SourceQuality "1"]

1. e4 g6 2. d4 Bg7 3. c4 c5 4. Nf3 cxd4 5. Nxd4 Qb6 6. Nb3 Nc6 7. Bd3 Nf6 8. Nc3 d6 9. Be3 Qd8 10. O-O O-O 11. f3 Ne5 12. Be2 Be6 13. Nd5 Re8 14. Nd4 Nc6 15. Rc1 Rc8 16. Nxe6 fxe6 17. Nf4 Qd7 18. c5 e5 19. Nd5 Nxd5 20. Qxd5+ Kh8 21. Bb5 a6 22. Ba4 Qc7 23. cxd6 exd6 24. Rfd1 Red8 25. Bg5 Qb6+ 26. Kf1 Nd4 27. Bxd8 Rxd8 28. Bb3 Bh6 29. Rc3 Rf8 30. Rcd3 Bg7 31. Rc1 Bh6 32. Rcc3 Qd8 33. Qxb7 Qh4 34. Rc8 Qxh2 35. Rxf8+ Bxf8 36. Rxd4 Qh1+ 37. Kf2 Qh4+ 38. Ke2 Qg3 39. Kf1 exd4 40. Qf7 1-0

[Event "Montreal Mercredi 05"]
[Site "Montreal CAN"]
[Date "2017.05.31"]
[Round "4"]
[White "Have, Didier"]
[Black "Zheng, Richard"]
[Result "1/2-1/2"]
[WhiteElo "1971"]
[BlackElo "1923"]
[WhiteFideId "-1"]
[WhiteFideId "-1"]
[PlyCount "67"]
[GameId "2160767908411525"]
[EventDate "2017.05.10"]
[EventType "swiss"]
[EventRounds "5"]
[EventCountry "CAN"]
[SourceTitle "EXT 2022"]
[Source "ChessBase"]
[SourceDate "2021.10.06"]
[SourceVersion "1"]
[SourceVersionDate "2021.10.06"]
[SourceQuality "1"]

1. d4 d5 2. Bf4 Nf6 3. e3 Bf5 4. c4 e6 5. Qb3 Qc8 6. Nc3 c6 7. Nf3 dxc4 8. Bxc4 Be7 9. h3 O-O 10. Nh4 Be4 11. Nxe4 Nxe4 12. Nf3 Bd6 13. Qc2 Bxf4 14. Qxe4 Bh6 15. g4 Qc7 16. h4 g6 17. h5 Bg7 18. hxg6 hxg6 19. g5 Qa5+ 20. Kf1 Qf5 21. Qh4 Re8 22. Rh3 Nd7 23. Kg2 Qc2 24. Rah1 Kf8 25. Bb3 Qxb2 26. Qf4 Rad8 27. Nh4 Ke7 28. Rf3 Rf8 29. Qe4 Kd6 30. Rxf7 Rxf7 31. Qxe6+ Kc7 32. Qxf7 Rf8 33. Rb1 Qxb1 34. Qxg7 1/2-1/2